<?xml version="1.0" encoding="UTF-8"?><?xml-stylesheet type="text/xsl" href="static/style.xsl"?><OAI-PMH xmlns="http://www.openarchives.org/OAI/2.0/" xmlns:xsi="http://www.w3.org/2001/XMLSchema-instance" xsi:schemaLocation="http://www.openarchives.org/OAI/2.0/ http://www.openarchives.org/OAI/2.0/OAI-PMH.xsd"><responseDate>2026-04-13T02:11:47Z</responseDate><request verb="GetRecord" identifier="oai:www.recercat.cat:2445/34158" metadataPrefix="marc">https://recercat.cat/oai/request</request><GetRecord><record><header><identifier>oai:recercat.cat:2445/34158</identifier><datestamp>2025-12-05T15:57:56Z</datestamp><setSpec>com_2072_1057</setSpec><setSpec>col_2072_478860</setSpec><setSpec>col_2072_478917</setSpec></header><metadata><record xmlns="http://www.loc.gov/MARC21/slim" xmlns:dcterms="http://purl.org/dc/terms/" xmlns:xsi="http://www.w3.org/2001/XMLSchema-instance" xmlns:doc="http://www.lyncode.com/xoai" xsi:schemaLocation="http://www.loc.gov/MARC21/slim http://www.loc.gov/standards/marcxml/schema/MARC21slim.xsd">
   <leader>00925njm 22002777a 4500</leader>
   <datafield ind2=" " ind1=" " tag="042">
      <subfield code="a">dc</subfield>
   </datafield>
   <datafield ind2=" " ind1=" " tag="720">
      <subfield code="a">Galimany Masclans, Jordi</subfield>
      <subfield code="e">author</subfield>
   </datafield>
   <datafield ind2=" " ind1=" " tag="260">
      <subfield code="c">2013-03-08T12:02:30Z</subfield>
   </datafield>
   <datafield ind2=" " ind1=" " tag="260">
      <subfield code="c">2013-03-08T12:02:30Z</subfield>
   </datafield>
   <datafield ind2=" " ind1=" " tag="260">
      <subfield code="c">2009-02</subfield>
   </datafield>
   <datafield ind2=" " ind1=" " tag="260">
      <subfield code="c">2013-03-08T12:02:31Z</subfield>
   </datafield>
   <datafield ind2=" " ind1=" " tag="520">
      <subfield code="a">Esta entrega de la serie de Nursing sobre las pruebas complementarias completa la dedicada a la radiografía de tórax. El tórax tiene estructuras anatómicas de densidad aérea y de partes blandas. Estas últimas, al ser atravesadas por la radiación X, muestran poca diferenciación de densidades, por lo que su interpretación es compleja, y la mayoría de veces su identificación se basa en signos indirectos. El objetivo de esta entrega es conocer las principales alteraciones de la normalidad y las imágenes radiológicas patológicas más usuales. Para ello es imprescindible conocer la anatomía y su traducción radiológica normal, que se presentó en la entrega anterior dedicada a la radiografía normal de tórax. La identificación de alteraciones y la detección de signos de alarma, junto con la exploración física, la anamnesia y las pruebas anteriores, proporcionan al profesional de enfermería la posibilidad de gestionar los cuidados de manera eficaz y con calidad para el paciente. En el contexto de estos artículos, y teniendo en cuenta que la imagen radiográfica del tórax es una de las más simples y a la vez más difíciles de interpretar, es útil visionar frecuentemente radiografías para mejorar la capacidad de distinguir las diferentes imágenes radiológicas presentes en la placa de tórax. Hay que tener presente que en muchos casos se visualizan diferentes alteraciones de la normalidad correspondientes a diferentes patologías presentes en un mismo paciente. Esto dificulta aún más el visionado de la imagen de tórax, ya de por sí compleja.</subfield>
   </datafield>
   <datafield tag="653" ind2=" " ind1=" ">
      <subfield code="a">Diagnòstic radiològic</subfield>
   </datafield>
   <datafield tag="653" ind2=" " ind1=" ">
      <subfield code="a">Valoració d'infermeria</subfield>
   </datafield>
   <datafield tag="653" ind2=" " ind1=" ">
      <subfield code="a">Tòrax</subfield>
   </datafield>
   <datafield tag="653" ind2=" " ind1=" ">
      <subfield code="a">Radioscopic diagnosis</subfield>
   </datafield>
   <datafield tag="653" ind2=" " ind1=" ">
      <subfield code="a">Nursing assessment</subfield>
   </datafield>
   <datafield tag="653" ind2=" " ind1=" ">
      <subfield code="a">Chest</subfield>
   </datafield>
   <datafield ind2="0" ind1="0" tag="245">
      <subfield code="a">Verifique sus conocimientos sobre: radiografía de tórax (2)</subfield>
   </datafield>
</record></metadata></record></GetRecord></OAI-PMH>